Los organismos federales de control en la Constitución (Registro nro. 2209)

Detalles MARC
000 -LEADER
fixed length control field 01338 a2200229 4500
001 - CONTROL NUMBER
control field 31685
005 - DATE AND TIME OF LATEST TRANSACTION
control field 20260407155620.0
008 - FIXED-LENGTH DATA ELEMENTS--GENERAL INFORMATION
fixed length control field 260407a2014 arg spa d
003 - CONTROL NUMBER IDENTIFIER
control field AR-UNSa-BCEJYS
040 ## - CATALOGING SOURCE
Original cataloging agency AR-UNSa-BCEJYS
Language of cataloging spa
Transcribing agency AR-UNSa-BCEJYS
080 ## - UNIVERSAL DECIMAL CLASSIFICATION NUMBER
Universal Decimal Classification number 351.9
Common auxiliary subdivision Supervisión y control de la administración pública
020 ## - INTERNATIONAL STANDARD BOOK NUMBER
International Standard Book Number 978-987-694-010-8
041 ## - LANGUAGE CODE
Language code of text/sound track or separate title spa
100 1# - MAIN ENTRY--PERSONAL NAME
Personal name Pérez Hualde, Alejandro
245 10 - TITLE STATEMENT
Title Los organismos federales de control en la Constitución
Name of part/section of a work de servicios públicos y fiscal
264 #1 - PRODUCTION, PUBLICATION, DISTRIBUTION, MANUFACTURE, AND COPYRIGHT NOTICE
Place of production, publication, distribution, manufacture Buenos Aires :
Name of producer, publisher, distributor, manufacturer Ediciones Rap
Date of production, publication, distribution, manufacture, or copyright notice 2014
300 ## - PHYSICAL DESCRIPTION
Extent 184 p.
Dimensions 24 cm.
505 ## - FORMATTED CONTENTS NOTE
Formatted contents note 1. Introducción: las divisiones del poder - 2. Nuevas formas de administración y los organismos constitucionales independientes - 3. Institutos constitucionales independientes - 4. Naturaleza, ubicación y función constitucional de los "organismos" - 6. Fundamentos de la independencia de los "organismos" - 7. Los "organismos de control" de los servicios públicos de competencia nacional - 8. El "organismo fiscal federal" previsto en la CN - 9. Reflexiones finales
590 ## - LOCAL NOTE (RLIN)
Local note niveau_biblio:m niveau_hierar:0
856 41 - ELECTRONIC LOCATION AND ACCESS
Uniform Resource Identifier <a href="https://biblioeco.unsa.edu.ar/pmb/images/libros/Los organismos federales de control en la contitucion de servicios publicos y fiscal-l125119.jpg">https://biblioeco.unsa.edu.ar/pmb/images/libros/Los organismos federales de control en la contitucion de servicios publicos y fiscal-l125119.jpg</a>
Link text Imagen de portada
Electronic format type image/jpeg
942 ## - ADDED ENTRY ELEMENTS (KOHA)
Koha item type
Existencias
Withdrawn status Lost status Damaged status Not for loan Home library Current library Shelving location Date acquired Total checkouts Full call number Barcode Date last seen Price effective from Koha item type
        Biblioteca Prof. Eusebio Cleto del Rey Biblioteca Prof. Eusebio Cleto del Rey   07/04/2026   351.9 P438 L125119 07/04/2026 07/04/2026 Libro